[Event "Bundesliga 2013-14"]
[Site "Berlin GER"]
[Date "2013.10.12"]
[Round "1"]
[Board "3"]
[White "Bulski, Krzysztof"]
[Black "Muse, Mladen"]
[Result "1-0"]
[WhiteTitle "GM"]
[BlackTitle "GM"]
[WhiteElo "2534"]
[BlackElo "2424"]
[WhiteTeam "SV Griesheim"]
[BlackTeam "SK Koenig Tegel"]
[WhiteFideId "1121499"]
[BlackFideId "4600304"]
[EventDate "2013.10.12"]
[EventType "team"]

1. d4 Nf6 2. c4 e6 3. Nc3 Bb4 4. e3 O-O 5. Ne2 c5 6. a3 cxd4 7. exd4 Be7 8. g3
d5 9. cxd5 Nxd5 10. Bg2 Nxc3 11. Nxc3 Bf6 12. Be3 Nc6 13. Bxc6 bxc6 14. O-O Ba6
15. Re1 Bc4 16. Qa4 Bd5 17. Nxd5 cxd5 18. Rac1 h5 19. b4 Bg5 20. Qb3 Bxe3 21.
Qxe3 a5 22. b5 a4 23. Rc6 Qa5 24. Rb1 Rab8 25. b6 Rb7 26. Qc1 g6 27. Rb4 Kg7 28.
Qc2 Ra8 29. h4 Qa6 30. Kg2 Qa5 31. Rc5 Qa6 32. Rcb5 Rab8 33. Qc6 Qa8 34. Qd6 Kg8
35. Rb2 Rd8 36. Qb4 Rc8 37. Rc5 Kg7 38. Rxc8 Qxc8 39. Qxa4 Qc4 40. Qb4 Qd3 41.
a4 g5 42. a5 gxh4 43. Qd2 h3+ 44. Kxh3 Qf3 45. Kh2 1-0

[Event "Bundesliga 2013-14"]
[Site "Berlin GER"]
[Date "2013.10.12"]
[Round "1"]
[Board "4"]
[White "Schneider, Ilja"]
[Black "Libiszewski, Fabien"]
[Result "1/2-1/2"]
[WhiteTitle "IM"]
[BlackTitle "GM"]
[WhiteElo "2514"]
[BlackElo "2522"]
[WhiteTeam "SF Berlin 1903"]
[BlackTeam "SC Viernheim"]
[WhiteFideId "4663306"]
[BlackFideId "616834"]
[EventDate "2013.10.12"]
[EventType "team"]

1. d4 d5 2. c4 e6 3. Nf3 Nf6 4. g3 dxc4 5. Bg2 Nc6 6. Qa4 Bb4+ 7. Bd2 Nd5 8.
Bxb4 Nxb4 9. O-O Rb8 10. Na3 O-O 11. Qb5 b6 12. Qxc4 Ba6 13. Nb5 Qd5 14. Qxd5
Nxd5 15. a4 Na5 16. Ne5 Rbd8 17. Rac1 Nb3 18. Bxd5 Rxd5 19. Rxc7 Bxb5 20. axb5
Nxd4 21. Nc6 1/2-1/2

[Event "Bundesliga 2013-14"]
[Site "Bremen GER"]
[Date "2013.10.12"]
[Round "1"]
[Board "5"]
[White "Naumann, Alexander"]
[Black "Babula, Vlastimil"]
[Result "1-0"]
[WhiteTitle "GM"]
[BlackTitle "GM"]
[WhiteElo "2540"]
[BlackElo "2569"]
[WhiteTeam "SG Solingen"]
[BlackTeam "Werder Bremen"]
[WhiteFideId "4623169"]
[BlackFideId "301264"]
[EventDate "2013.10.12"]
[EventType "team"]

1. d4 Nf6 2. c4 e6 3. Nc3 Bb4 4. e3 O-O 5. Bd3 b6 6. Ne2 d5 7. a3 Be7 8. cxd5
exd5 9. b4 Bb7 10. O-O Qd7 11. Qc2 g6 12. Bb2 Nc6 13. f3 Rfe8 14. Kh1 Nd8 15. e4
Rc8 16. Nf4 Ne6 17. Nfxd5 Nxd5 18. exd5 Nxd4 19. Qf2 c5 20. dxc6 Nxc6 21. Be4
Bf6 22. Nd5 Bd8 23. Rad1 Qe6 24. Rfe1 Rf8 25. Bb1 Qd6 26. Nf6+ Qxf6 27. Bxf6
Bxf6 28. Be4 Rc7 29. Rc1 Rfc8 30. Red1 Ne5 31. Rxc7 Rxc7 32. Bxb7 Rxb7 33. Qc2
Kg7 34. f4 Ng4 35. Qe2 h5 36. h3 Nh6 37. g4 hxg4 38. hxg4 Re7 39. Qf3 g5 40. Rd5
Re1+ 41. Kg2 1-0

[Event "Bundesliga 2013-14"]
[Site "Munich GER"]
[Date "2013.10.12"]
[Round "1"]
[Board "5"]
[White "Appel, Ralf"]
[Black "Postny, Evgeny"]
[Result "0-1"]
[WhiteTitle "GM"]
[BlackTitle "GM"]
[WhiteElo "2535"]
[BlackElo "2631"]
[WhiteTeam "SV Wattenscheid 1930"]
[BlackTeam "SC Eppingen"]
[WhiteFideId "4600924"]
[BlackFideId "2804344"]
[EventDate "2013.10.12"]
[EventType "team"]

1. d4 Nf6 2. Nf3 e6 3. Bg5 c5 4. e3 d5 5. Nbd2 Nc6 6. c3 Be7 7. Bd3 b6 8. O-O
Bb7 9. a3 h6 10. Bh4 O-O 11. Ne5 Nxe5 12. dxe5 Ne4 13. Bxe7 Qxe7 14. f4 Nxd2 15.
Qxd2 f6 16. Rf2 Rad8 17. Rd1 Kh8 18. Qe2 f5 19. Bc2 Rg8 20. Qh5 Qe8 21. Qh4 Qf8
22. Qh3 Re8 23. Rdd2 g5 24. Bd1 Re7 25. fxg5 Rxg5 26. Bf3 Rh7 27. Qh4 Qe7 28.
Qa4 c4 29. b3 cxb3 30. c4 dxc4 31. Qxc4 Bxf3 32. Rxf3 Qc7 33. Qxb3 Qxe5 34. Rd8+
Rg8 35. Qd3 Rg7 36. Rxg8+ Kxg8 37. Rf4 Kh7 38. Rd4 Qa5 39. Kf2 Qe5 40. g3 Qc5
41. Rd6 Re7 42. Kf3 Qc1 43. Kg2 Qb2+ 44. Kh3 Qe5 45. Rd8 Qg7 46. Rd4 Qg6 47. Kg2
Kg7 48. Rd8 Qf6 49. Rd4 Qe5 50. Kh3 Rf7 51. Rd6 Kf6 52. Rd4 Rc7 53. Rh4 Qd5 54.
Rd4 Qc6 55. Rh4 Rd7 56. Qe2 Rh7 57. Rc4 Qb5 58. a4 Qb1 59. e4 Rd7 60. e5+ Ke7
61. Rc8 Qd3 62. Qb2 Kf7 63. Qb4 Kg6 64. Re8 Qe4 65. Rxe6+ Kg5 66. Qc3 Qg4+ 67.
Kg2 Qe2+ 68. Kh3 Qf1# 0-1

[Event "Bundesliga 2013-14"]
[Site "Berlin GER"]
[Date "2013.10.13"]
[Round "2"]
[Board "7"]
[White "Lauber, Arnd"]
[Black "Izsak, Gyula"]
[Result "1-0"]
[WhiteTitle "IM"]
[BlackTitle "IM"]
[WhiteElo "2443"]
[BlackElo "2438"]
[WhiteTeam "SF Berlin 1903"]
[BlackTeam "SV Griesheim"]
[WhiteFideId "4632630"]
[BlackFideId "702234"]
[EventDate "2013.10.12"]
[EventType "team"]

1. d4 d5 2. c4 e6 3. Nc3 Be7 4. cxd5 exd5 5. Bf4 c6 6. Qc2 Nf6 7. e3 Nbd7 8. h3
Nf8 9. Nf3 Ng6 10. Bh2 Bd6 11. Bxd6 Qxd6 12. Bd3 Be6 13. O-O O-O 14. Rab1 a5 15.
a3 Ne7 16. Na4 g6 17. b4 axb4 18. axb4 Nd7 19. b5 Ra5 20. bxc6 bxc6 21. Rfc1
Rfa8 22. Nb6 Nxb6 23. Rxb6 Ra1 24. Rbb1 R1a2 25. Rb2 Rxb2 26. Qxb2 Qa3 27. Qxa3
Rxa3 28. Ne5 Rb3 29. g4 h6 30. Bf1 Rb6 31. Ra1 Rb7 32. Kg2 Kg7 33. Kg3 Rc7 34.
Rc1 Bd7 35. Ra1 f6 36. Nd3 Nc8 37. Nc5 Kf7 38. Bd3 Be8 39. Ra8 Nd6 40. Bxg6+
Kxg6 41. Rd8 Nb7 42. Nxb7 Rxb7 43. Rxe8 Rc7 44. Rg8+ Kf7 45. Rd8 c5 46. dxc5
Rxc5 47. Rd7+ Kg8 48. Kf4 Rc2 49. f3 Rd2 50. Kf5 Rd3 51. Kxf6 Rxe3 52. Rxd5
Rxf3+ 53. Kg6 1-0

[Event "Bundesliga 2013-14"]
[Site "Baden-Baden GER"]
[Date "2013.11.23"]
[Round "3"]
[Board "2"]
[White "Buhmann, Rainer"]
[Black "Libiszewski, Fabien"]
[Result "1-0"]
[WhiteTitle "GM"]
[BlackTitle "GM"]
[WhiteElo "2582"]
[BlackElo "2522"]
[WhiteTeam "SV 1930 Hockenheim"]
[BlackTeam "SC Viernheim"]
[WhiteFideId "4651340"]
[BlackFideId "616834"]
[EventDate "2013.10.12"]
[EventType "team"]

1. d4 Nf6 2. c4 e6 3. Nf3 d5 4. g3 dxc4 5. Bg2 Nc6 6. Qa4 Bb4+ 7. Bd2 Nd5 8.
Bxb4 Nxb4 9. O-O Rb8 10. Na3 O-O 11. Qb5 b6 12. Qxc4 Ba6 13. Nb5 Qd5 14. Qxd5
Nxd5 15. a4 Na5 16. Ne5 Rbd8 17. Rac1 Nb3 18. Bxd5 Nxc1 19. Bc4 Bxb5 20. axb5
Nxe2+ 21. Bxe2 Rxd4 22. Bc4 Re4 23. f4 Rd8 24. b3 Re3 25. Rf2 h5 26. Kg2 Re1 27.
Rc2 Red1 28. Nf3 Rb1 29. f5 exf5 30. Ne5 Rdd1 31. Bxf7+ Kh8 32. Nf3 Rd7 33. Bxh5
Rxb3 34. Ne5 Rd4 35. Bg6 Rxb5 36. Rxc7 Rc5 37. Rxa7 Rd2+ 38. Kh3 Rc8 39. Bxf5
Rb8 40. Ra4 Kg8 41. Be6+ 1-0

[Event "Bundesliga 2013-14"]
[Site "Baden-Baden GER"]
[Date "2013.11.23"]
[Round "3"]
[Board "7"]
[White "Spiegel, Stefan"]
[Black "Rau, Hannes"]
[Result "0-1"]
[BlackTitle "IM"]
[WhiteElo "2236"]
[BlackElo "2458"]
[WhiteTeam "SC Viernheim"]
[BlackTeam "SV 1930 Hockenheim"]
[WhiteFideId "4610733"]
[BlackFideId "4657594"]
[EventDate "2013.10.12"]
[EventType "team"]

1. e4 c5 2. Nc3 Nc6 3. f4 e6 4. Nf3 d5 5. Bb5 d4 6. Ne2 Ne7 7. Ne5 Bd7 8. Nxd7
Qxd7 9. O-O a6 10. Bxc6 Nxc6 11. f5 exf5 12. Rxf5 g6 13. Rd5 Qc7 14. d3 Bd6 15.
g3 Ne7 16. Nf4 Be5 17. Qg4 Nxd5 18. Nxd5 Qd6 19. Bf4 Bxf4 20. gxf4 f5 21. Qh4
O-O 22. c4 dxc3 23. bxc3 Rae8 24. Re1 c4 25. Re3 cxd3 26. Rh3 Rf7 27. Rxd3 fxe4
28. Rd4 Qe6 0-1

[Event "Bundesliga 2013-14"]
[Site "Hamburg GER"]
[Date "2013.11.23"]
[Round "3"]
[Board "6"]
[White "Rogozenco, Dorian"]
[Black "Lauber, Arnd"]
[Result "1-0"]
[WhiteTitle "GM"]
[BlackTitle "IM"]
[WhiteElo "2516"]
[BlackElo "2443"]
[WhiteTeam "Hamburger SK"]
[BlackTeam "SF Berlin 1903"]
[WhiteFideId "1210319"]
[BlackFideId "4632630"]
[EventDate "2013.10.12"]
[EventType "team"]

1. d4 e6 2. c4 Nf6 3. Nc3 Bb4 4. Qc2 d5 5. cxd5 exd5 6. Bg5 c5 7. dxc5 h6 8. Bh4
g5 9. Bg3 Ne4 10. e3 Qa5 11. Rc1 Qxa2 12. Bb5+ Bd7 13. Bxd7+ Nxd7 14. Ne2 Nxc3
15. Nxc3 Qc4 16. Bd6 Bxc5 17. b3 Qa6 18. Bxc5 Nxc5 19. Rd1 Rc8 20. Nxd5 b6 21.
Qc3 O-O 22. h4 Ne4 23. Ne7+ Kh7 24. Qb2 Rcd8 25. Nd5 g4 26. f3 Ng3 27. Nf6+ Kg6
28. h5+ Kf5 29. Nd5 Qa5+ 1-0

[Event "Bundesliga 2013-14"]
[Site "Hamburg GER"]
[Date "2013.11.23"]
[Round "3"]
[Board "2"]
[White "Efimenko, Zahar"]
[Black "Stern, Rene"]
[Result "1/2-1/2"]
[WhiteTitle "GM"]
[BlackTitle "IM"]
[WhiteElo "2661"]
[BlackElo "2513"]
[WhiteTeam "Werder Bremen"]
[BlackTeam "SK Koenig Tegel"]
[WhiteFideId "14107201"]
[BlackFideId "4611799"]
[EventDate "2013.10.12"]
[EventType "team"]

1. e4 e5 2. Nf3 Nc6 3. Bb5 Nf6 4. d3 Bc5 5. c3 O-O 6. O-O Re8 7. Bg5 a6 8. Ba4
b5 9. Bb3 h6 10. Bh4 Be7 11. a4 b4 12. Nbd2 Rb8 13. h3 d6 14. d4 bxc3 15. bxc3
exd4 16. cxd4 Nb4 17. Re1 Be6 18. d5 Bd7 19. Bg3 Nd3 20. Re3 Nc5 21. Bc4 Rb4 22.
Qe2 Rxa4 23. Re1 Nh5 24. Bh2 Bg5 25. Nxg5 Qxg5 26. e5 dxe5 27. Bxe5 Bxh3 28. f3
Nd7 29. f4 Qg6 30. Qf2 Bf5 31. Bxc7 Rxe3 32. Qxe3 Rb4 33. d6 Nhf6 34. Qa3 Rb7
35. Re7 Be6 36. Bxe6 fxe6 37. Qxa6 Rb2 38. Ba5 Qh5 39. Qc8+ Kh7 40. Qc1 Rb5 41.
Qc2+ Kg8 42. Qc8+ Kh7 43. Qc2+ Kg8 44. Qc8+ Kh7 45. Qc2+ 1/2-1/2

[Event "Bundesliga 2013-14"]
[Site "Hamburg GER"]
[Date "2013.11.23"]
[Round "3"]
[Board "3"]
[White "Richter, Michael"]
[Black "Edouard, Romain"]
[Result "0-1"]
[WhiteTitle "IM"]
[BlackTitle "GM"]
[WhiteElo "2473"]
[BlackElo "2657"]
[WhiteTeam "SK Koenig Tegel"]
[BlackTeam "Werder Bremen"]
[WhiteFideId "4618920"]
[BlackFideId "633429"]
[EventDate "2013.10.12"]
[EventType "team"]

1. d4 Nf6 2. c4 e6 3. Nf3 c5 4. e3 a6 5. Nc3 d5 6. a3 b6 7. dxc5 bxc5 8. cxd5
exd5 9. e4 d4 10. e5 Nfd7 11. Bc4 Nb6 12. Bg5 Be7 13. Ne4 O-O 14. Qb3 Ra7 15.
O-O Nc6 16. Bxf7+ Rxf7 17. Bxe7 Rxe7 18. Neg5 c4 19. Nxf7 Rxf7 20. Qc2 Rxf3 21.
gxf3 Bh3 22. Kh1 Qd5 23. Qe4 Bxf1 24. Rxf1 Qxe4 0-1

[Event "Bundesliga 2013-14"]
[Site "Baden-Baden GER"]
[Date "2013.11.24"]
[Round "4"]
[Board "8"]
[White "Hahn, Werner"]
[Black "Boguslavskyy, Oleg"]
[Result "0-1"]
[BlackTitle "IM"]
[WhiteElo "2171"]
[BlackElo "2442"]
[WhiteTeam "SV Griesheim"]
[BlackTeam "SV 1930 Hockenheim"]
[WhiteFideId "4677749"]
[BlackFideId "14113929"]
[EventDate "2013.10.12"]
[EventType "team"]

1. d4 Nf6 2. c4 c5 3. Nf3 cxd4 4. Nxd4 e6 5. Nc3 Bb4 6. Nb5 d5 7. a3 Bxc3+ 8.
Nxc3 d4 9. Nb1 O-O 10. g3 e5 11. Bg2 Nc6 12. O-O h6 13. b3 Bf5 14. Nd2 Qd7 15.
Re1 e4 16. Nf1 Bh3 17. Bb2 Rad8 18. Qd2 Bxg2 19. Kxg2 Qf5 20. Qf4 Qxf4 21. gxf4
Na5 22. Rab1 Nxb3 23. e3 b6 24. Red1 Nh5 25. Ng3 Nxg3 26. Kxg3 dxe3 27. fxe3 Na5
28. Rxd8 Rxd8 29. Rc1 Rc8 30. f5 Nxc4 31. Kf4 f6 32. Bd4 Kf7 33. a4 Nd6 34. Rxc8
Nxc8 35. Kxe4 Nd6+ 36. Kf4 b5 37. axb5 Nxb5 38. Ba1 a5 39. e4 a4 40. Ke3 Ke7 41.
e5 fxe5 42. Bxe5 Kf7 43. Kd3 Na7 44. Bc3 Nc6 45. Kc4 Ne7 46. f6 gxf6 47. Bd2 h5
48. Kb4 Ke6 49. Kxa4 Kd5 50. Kb3 f5 51. Kc2 Ke4 52. Kd1 Kf3 53. Ke1 Kg2 54. Bf4
Ng6 55. Bc7 f4 56. Bb8 f3 57. Ba7 Nf4 0-1

[Event "Bundesliga 2013-14"]
[Site "Solingen GER"]
[Date "2013.11.24"]
[Round "4"]
[Board "6"]
[White "Zajogin, Alexander"]
[Black "Hoffmann, Michael1"]
[Result "0-1"]
[BlackTitle "GM"]
[WhiteElo "2392"]
[BlackElo "2462"]
[WhiteTeam "FC Bayern Muenchen"]
[BlackTeam "SG Solingen"]
[WhiteFideId "13500430"]
[BlackFideId "4601297"]
[EventDate "2013.10.12"]
[EventType "team"]

1. d4 Nf6 2. c4 e6 3. Nc3 Bb4 4. e3 O-O 5. Ne2 c6 6. a3 Ba5 7. b4 Bc7 8. Ng3 d5
9. Bb2 Nbd7 10. cxd5 exd5 11. Be2 Re8 12. Qc2 Nf8 13. b5 g6 14. O-O h5 15. Rfc1
h4 16. Nf1 Bf5 17. Bd3 Bxd3 18. Qxd3 Qd7 19. bxc6 bxc6 20. f3 Ne6 21. Na4 h3 22.
g3 Ng5 23. Nd2 Re7 24. Nc5 Qe8 25. Re1 Rb8 26. Bc3 Bd6 27. Bb4 Rb5 28. Qc3 a5
29. Bxa5 Rxc5 30. dxc5 Be5 31. Qb4 Bxa1 32. Rxa1 Rxe3 33. Rf1 Re2 34. g4 Qe5 35.
f4 Qe3+ 36. Kh1 Rxh2+ 37. Kxh2 Qe2+ 0-1

[Event "Bundesliga 2013-14"]
[Site "Solingen GER"]
[Date "2013.11.24"]
[Round "4"]
[Board "8"]
[White "Singer, Christoph"]
[Black "Schaefer, Markus"]
[Result "1/2-1/2"]
[WhiteTitle "FM"]
[BlackTitle "IM"]
[WhiteElo "2343"]
[BlackElo "2404"]
[WhiteTeam "FC Bayern Muenchen"]
[BlackTeam "SG Solingen"]
[WhiteFideId "4616030"]
[BlackFideId "4605551"]
[EventDate "2013.10.12"]
[EventType "team"]

1. e4 c5 2. Nf3 e6 3. c3 d5 4. exd5 exd5 5. d4 Nc6 6. Bb5 Bd6 7. O-O Ne7 8. dxc5
Bxc5 9. Nbd2 O-O 10. Nb3 Bd6 11. Bg5 Qc7 12. Re1 Bg4 13. h3 Bh5 14. Bxe7 Nxe7
15. Be2 a6 16. Nfd4 Bg6 17. Bd3 Rad8 18. Qf3 Nc6 19. Nxc6 Qxc6 20. Re2 Bb8 21.
Rae1 Qd6 22. g3 Ba7 23. Kg2 Bxd3 24. Qxd3 g6 25. Nd4 Rd7 26. h4 Qf6 27. Re5 Bb8
28. Re8 Ba7 29. Qe3 Rd8 30. Re7 Bxd4 31. Qxd4 Qxd4 32. cxd4 Rc8 33. R1e5 b5 34.
Ra7 Rc2 35. Rxa6 Rxb2 36. Rxd5 Rc8 37. Rd7 b4 38. Raa7 Rf8 39. Rdb7 h5 40. Ra4
Re8 41. Rbxb4 Rd2 42. Rb3 Ree2 43. Rf3 Rxa2 44. Rxa2 Rxa2 45. Rd3 Kf8 46. Kf3
Ke7 47. Ke3 Kd6 48. Rb3 Ra7 49. Rb6+ Kd5 50. Rb5+ Kd6 51. Ke4 Re7+ 52. Re5 Ra7
53. Rd5+ Kc6 54. Rc5+ Kd6 55. Rb5 Re7+ 56. Kf4 Re2 57. f3 Rd2 58. Ke3 Rg2 59.
Rb6+ Ke7 60. Kf4 Rd2 61. Ke5 Re2+ 62. Kf4 Rd2 63. Rb4 Kf6 64. Rb6+ Ke7 65. Rb4 1/2-1/2

[Event "Bundesliga 2013-14"]
[Site "Berlin GER"]
[Date "2013.12.15"]
[Round "6"]
[Board "2"]
[White "Smeets, Jan"]
[Black "Kraemer, Martin"]
[Result "1/2-1/2"]
[WhiteTitle "GM"]
[BlackTitle "GM"]
[WhiteElo "2620"]
[BlackElo "2546"]
[WhiteTeam "SG Solingen"]
[BlackTeam "SF Berlin 1903"]
[WhiteFideId "1007246"]
[BlackFideId "4671910"]
[EventDate "2013.10.12"]
[EventType "team"]

1. d4 Nf6 2. c4 e6 3. Nf3 d5 4. g3 dxc4 5. Bg2 Nc6 6. Qa4 Bb4+ 7. Bd2 Nd5 8.
Bxb4 Nxb4 9. Nc3 Bd7 10. O-O a5 11. Qd1 O-O 12. e3 a4 13. Qe2 Na5 14. Ne5 Nd5
15. Rac1 Nb6 16. Rfd1 Bc6 17. Bxc6 bxc6 18. Nb1 f6 19. Nf3 Qe7 20. Na3 Rfb8 21.
Rc2 Ra7 22. Rdc1 h6 23. h4 c5 24. dxc5 Qxc5 25. Nd2 Qe5 26. Ndxc4 Nbxc4 27. Nxc4
Nxc4 28. Qxc4 Qd5 29. Qxd5 exd5 30. a3 Rbb7 31. Rc5 Rxb2 32. Rxd5 Rb3 33. Rd7
Rxa3 34. Rcxc7 Rxc7 35. Rxc7 h5 36. Rc5 g6 37. Rc7 Rb3 38. Ra7 a3 39. Kg2 Kf8
40. Kf3 Ke8 41. Ke4 Rb2 42. f3 a2 43. Kd5 Rb3 44. Kd4 Rb2 45. Kd5 Rb3 46. Kd4 1/2-1/2

[Event "Bundesliga 2013-14"]
[Site "Bremen GER"]
[Date "2013.12.15"]
[Round "6"]
[Board "7"]
[White "Meins, Gerlef"]
[Black "Fedorovsky, Michael"]
[Result "1/2-1/2"]
[WhiteTitle "IM"]
[BlackTitle "IM"]
[WhiteElo "2448"]
[BlackElo "2385"]
[WhiteTeam "Werder Bremen"]
[BlackTeam "FC Bayern Muenchen"]
[WhiteFideId "4620895"]
[BlackFideId "14105454"]
[EventDate "2013.10.12"]
[EventType "team"]

1. d4 d5 2. c4 e6 3. Nf3 Nf6 4. g3 dxc4 5. Bg2 Nc6 6. Qa4 Bb4+ 7. Bd2 Nd5 8.
Bxb4 Nxb4 9. O-O Rb8 10. Nc3 a6 11. Ne5 O-O 12. Nxc6 Nxc6 13. Bxc6 bxc6 14. Qxc4
Qd6 15. Ne4 Qd5 16. Qc2 Qxd4 17. b3 e5 18. Rfd1 Qb4 19. Rac1 Rb5 20. Nc5 Bf5 21.
Qc3 Qxc3 22. Rxc3 a5 23. f3 f6 24. Kf2 Re8 25. e4 Bc8 26. Ke3 Kf7 27. Na4 Bb7
28. Rd7+ Re7 29. Rd2 Re8 30. Rc4 Ke7 31. Nc5 Bc8 32. Na4 Bb7 33. Nc3 Rb4 34. Rc5
Ra8 35. Na4 Rb5 36. Rc4 Rd8 37. Rxd8 Kxd8 38. Nb2 Ke7 39. Ra4 Bc8 40. Nc4 Be6
41. Nxa5 Kd6 42. Nc4+ Bxc4 43. Rxc4 c5 44. Kd3 Ra5 45. Ra4 Rb5 46. Kc4 Rb6 47.
a3 Kd7 48. Ra8 Rd6 49. Rg8 g5 50. Rg7+ Kc6 51. g4 Rd2 52. Rf7 Rc2+ 53. Kd3 Rxh2
54. Rxf6+ Kb5 55. Kc3 c6 56. a4+ Kb6 57. Rf5 Rf2 58. Rxg5 Rxf3+ 59. Kc4 Rf4 60.
Rxe5 Rxg4 61. a5+ Kxa5 62. Kxc5 h5 63. Kxc6+ Kb4 64. Kd5 Rh4 65. Rf5 Rh1 66. e5
h4 67. Rf2 h3 68. Ke6 Rg1 69. Kf7 Rg2 70. Rf4+ Kc5 71. e6 h2 72. Rh4 Kd6 73. e7
Rf2+ 74. Ke8 Re2 75. Rd4+ Kc5 76. Rd1 Rg2 77. Rh1 Kb4 78. Kd7 Rd2+ 79. Kc6 Re2
80. Kd7 Rd2+ 81. Ke8 Rg2 82. Kd7 1/2-1/2

[Event "Bundesliga 2013-14"]
[Site "Griesheim GER"]
[Date "2013.12.15"]
[Round "6"]
[Board "6"]
[White "Pruijssers, Roeland"]
[Black "Mandel, Andreas"]
[Result "1/2-1/2"]
[WhiteTitle "GM"]
[BlackTitle "IM"]
[WhiteElo "2529"]
[BlackElo "2408"]
[WhiteTeam "SK Turm Emsdetten"]
[BlackTeam "SC Viernheim"]
[WhiteFideId "1013068"]
[BlackFideId "4602145"]
[EventDate "2013.10.12"]
[EventType "team"]

1. e4 c5 2. Nf3 d6 3. d4 cxd4 4. Nxd4 Nf6 5. Nc3 Nc6 6. Bg5 e6 7. Qd2 a6 8.
O-O-O Nxd4 9. Qxd4 Be7 10. f4 b5 11. Bxf6 gxf6 12. Kb1 Qc7 13. Qd3 Bb7 14. f5
Qc5 15. fxe6 fxe6 16. Qh3 Qe5 17. Bd3 Bc6 18. Rhe1 Bd7 19. g3 h5 20. Qf1 Kf7 21.
Ne2 h4 22. Nf4 hxg3 23. hxg3 Rag8 24. Re3 Bc6 25. Qe1 Bd8 26. Rf3 Bb6 27. Qe2
Rh6 28. Rdf1 Rgh8 29. Qe1 Rh2 30. g4 R8h6 31. Qg3 Ke8 32. g5 Qxg5 33. Nxe6 Qxg3
34. Rxg3 Rh1 35. Rf3 Rxf1+ 36. Rxf1 Kf7 37. Nf4 Bd4 38. Nd5 1/2-1/2

[Event "Bundesliga 2013-14"]
[Site "Emsdetten GER"]
[Date "2014.02.08"]
[Round "7"]
[Board "2"]
[White "Romanov, Evgeny"]
[Black "Jorczik, Julian"]
[Result "1-0"]
[WhiteTitle "GM"]
[BlackTitle "IM"]
[WhiteElo "2654"]
[BlackElo "2405"]
[WhiteTeam "SF Katernberg"]
[BlackTeam "FC Bayern Muenchen"]
[WhiteFideId "4148843"]
[BlackFideId "24611719"]
[EventDate "2013.10.12"]
[EventType "team"]

1. c4 e5 2. Nc3 Nc6 3. Nf3 f5 4. d4 e4 5. Ng5 Nf6 6. Nh3 Bb4 7. Bg5 h6 8. Bxf6
Qxf6 9. e3 g5 10. Qb3 d6 11. Be2 f4 12. Bh5+ Kd8 13. Ng1 fxe3 14. fxe3 g4 15.
Ne2 Qg5 16. Nf4 Rf8 17. O-O Rxf4 18. Rxf4 Bxc3 19. Qxc3 Qxh5 20. Rf8+ Ke7 21.
Raf1 Qg6 22. Qe1 Rb8 23. Qh4+ Qg5 24. R1f7+ 1-0

[Event "Bundesliga 2013-14"]
[Site "Baden-Baden GER"]
[Date "2014.02.08"]
[Round "7"]
[Board "1"]
[White "Rabiega, Robert"]
[Black "Buhmann, Rainer"]
[Result "1/2-1/2"]
[WhiteTitle "GM"]
[BlackTitle "GM"]
[WhiteElo "2507"]
[BlackElo "2582"]
[WhiteTeam "SK Koenig Tegel"]
[BlackTeam "SV 1930 Hockenheim"]
[WhiteFideId "4601475"]
[BlackFideId "4651340"]
[EventDate "2013.10.12"]
[EventType "team"]

1. e4 e6 2. d4 d5 3. Nc3 Bb4 4. exd5 exd5 5. Bd3 c6 6. Ne2 Ne7 7. Ng3 O-O 8. O-O
Nd7 9. Qf3 Ng6 10. Nf5 Re8 11. h3 Ndf8 12. Ne2 Nh4 13. Nxh4 Qxh4 14. c3 Bd6 15.
Bf4 Bxf4 16. Nxf4 Bd7 17. Rae1 Ng6 18. Nxg6 hxg6 19. Qg3 Qxg3 20. fxg3 Rxe1 21.
Rxe1 1/2-1/2

[Event "Bundesliga 2013-14"]
[Site "Berlin GER"]
[Date "2014.02.23"]
[Round "10"]
[Board "7"]
[White "Thiede, Lars"]
[Black "Reich, Thomas"]
[Result "0-1"]
[WhiteTitle "IM"]
[BlackTitle "IM"]
[WhiteElo "2450"]
[BlackElo "2386"]
[WhiteTeam "SF Berlin 1903"]
[BlackTeam "FC Bayern Muenchen"]
[WhiteFideId "4607759"]
[BlackFideId "4601009"]
[EventDate "2013.10.12"]
[EventType "team"]

1. c4 Nf6 2. g3 g6 3. Bg2 Bg7 4. Nc3 O-O 5. d3 d6 6. Nf3 Nc6 7. Rb1 a5 8. a3 e5
9. O-O Re8 10. e3 Bf5 11. h3 e4 12. Nd4 Nxd4 13. exd4 exd3 14. g4 d2 15. gxf5
dxc1=Q 16. Qxc1 c6 17. fxg6 hxg6 18. b4 axb4 19. axb4 Nh5 20. b5 Bxd4 21. bxc6
bxc6 22. Qd2 Bxc3 23. Qxc3 Nf4 24. Qf3 Qg5 25. Rb6 Ra3 26. Qg4 Rxh3 27. Qxf4
Qxf4 28. Bxh3 Qxc4 29. Bg2 d5 30. Rfb1 Qc3 31. R1b3 Re1+ 32. Kh2 Qe5+ 33. Rg3
Rc1 34. Rb3 Rc2 35. Re3 Qd6 36. Kg1 Kg7 37. Bh3 d4 38. Ref3 c5 39. Bf5 Rc1+ 40.
Kg2 c4 0-1

[Event "Bundesliga 2013-14"]
[Site "Katernberg GER"]
[Date "2014.03.15"]
[Round "11"]
[Board "8"]
[White "Fiebig, Thomas"]
[Black "Seger, Ruediger"]
[Result "1/2-1/2"]
[WhiteTitle "IM"]
[BlackTitle "IM"]
[WhiteElo "2405"]
[BlackElo "2374"]
[WhiteTeam "SK Turm Emsdetten"]
[BlackTeam "SG Trier"]
[WhiteFideId "4693922"]
[BlackFideId "4617274"]
[EventDate "2013.10.12"]
[EventType "team"]

1. e4 c6 2. d4 d5 3. exd5 cxd5 4. c4 Nf6 5. Nc3 Nc6 6. Bg5 dxc4 7. Bxc4 h6 8.
Bh4 Qxd4 9. Qxd4 Nxd4 10. O-O-O e5 11. f4 Bg4 12. Nf3 Bxf3 13. gxf3 Rc8 14. Bf1
Nd7 15. fxe5 Ne6 16. Bb5 Nc5 17. Rd4 Be7 18. Rhd1 Bxh4 19. Bxd7+ Nxd7 20. Rxd7
O-O 21. Rxb7 Bf2 22. Kb1 Rfd8 23. Rxd8+ Rxd8 24. Ne4 Bd4 25. Nd6 Bxe5 26. Nxf7
Rb8 27. Rxa7 Rxb2+ 28. Kc1 Bd4 29. Ra4 Bf6 30. Nd6 Rxh2 31. Ne4 Be5 32. Kd1 Kf7
33. Ra5 Ke6 34. Nc5+ Kf7 35. Ne4 Ke6 36. Nc5+ Kf7 1/2-1/2